=LDR 00000nam 2200000 4500 =001 NUTBA000000000003632 =005 20200224114647 =035 ##$$a 0010-081400000000477 =008 200224################g##########0#ind## =020 ##$$a 979-1709-80-7 =082 ##$$a 138 =100 ##$$a Yarborough, charles =245 1#$$a Trik membaca wajah ala cina /$c Chales yarborough; Penyunting, Terry perdanawati =250 ##$$a Cet.1 =260 ##$$a Yogyakarta :$b Golden Books,$c 2010 =300 ##$$a 143 hlm : $b Ilus ; $c 10 x15 Cm =850 ##$$a NBPNMAT =084 ##$$a 138 YAR t =650 #4$$a Fisiognomi =990 ##$$a 0001/BPAP-NTB/20142014 =990 ##$$a 24. 452/ pb- 2011